|
|
|
|
| LEADER |
00000nam a2200000 a 4500 |
| 001 |
UCN3555 |
| 003 |
CL-VaPUC |
| 008 |
010629e19970000SP |||||||||||||||||spa|d |
| 082 |
0 |
4 |
|a 863
|b VAZ
|2 21
|
| 100 |
0 |
|
|a Vázquez Montalbán, Manuel
|e author
|9 460127
|
| 245 |
1 |
0 |
|a Quinteto de Buenos Aires
|
| 300 |
|
|
|a 413 p
|
| 942 |
|
|
|c BK
|
| 945 |
|
|
|d 20010629 00:00:00
|a cmena
|
| 260 |
|
|
|a Barcelona
|b Planeta
|c 1997
|
| 650 |
|
0 |
|a Novelas españolas
|9 265052
|
| 650 |
|
0 |
|a Literatura española
|9 306261
|
| 650 |
|
0 |
|a Novelas policiales
|9 460128
|
| 583 |
|
|
|a last modification
|c 20010629 00:00:00
|k Rodrigo Vera
|
| 999 |
|
|
|c 296400
|d 296398
|
| 952 |
|
|
|0 0
|1 0
|4 0
|6 863_000000000000000_VAZ_1997
|7 0
|8 A
|9 350150
|a FDOPOS
|b FDOPOS
|d 2019-11-20
|i 373448K
|o 863 VAZ 1997
|p 373448K
|r 2025-01-22
|w 2019-11-20
|y BK
|k MLH
|